Mankind : (Record no. 72386)
[ view plain ]
| 000 -LEADER | |
|---|---|
| fixed length control field | 00798nam a22002297a 4500 |
| 005 - DATE AND TIME OF LATEST TRANSACTION | |
| control field | 2012122004084.0 |
| 008 - FIXED-LENGTH DATA ELEMENTS--GENERAL INFORMATION | |
| fixed length control field | 121220t xxu||||| |||| 00| 0 eng d |
| 010 ## - LCCN (DPL NO) | |
| LC control number | ENG-106472 |
| 020 ## - INTERNATIONAL STANDARD BOOK NUMBER | |
| Terms of availability | 680.00 |
| International Standard Book Number | 9788178359045 |
| 035 ## - SYSTEM CONTROL NUMBER | |
| System control number | EN-90005 |
| 037 ## - SOURCE OF ACQUISITION | |
| Source of stock number/acquisition | DBAD/ PUB |
| 040 ## - CATALOGING SOURCE | |
| Original cataloging agency | DPL |
| Language of cataloging | ENG |
| 082 14 - DEWEY DECIMAL CLASSIFICATION NUMBER | |
| Classification number | 220.95 |
| 100 1# - MAIN ENTRY--PERSONAL NAME | |
| Personal name | Topno, Sem |
| 9 (RLIN) | 54505 |
| 245 1# - TITLE STATEMENT | |
| Title | Mankind : |
| Statement of responsibility, etc | by Sem Topno |
| Remainder of title | in quest of the self / |
| 260 ## - PUBLICATION, DISTRIBUTION, ETC. (IMPRINT) | |
| Place of publication, distribution, etc | Delhi |
| Name of publisher, distributor, etc | Kalpaz Publications |
| Date of publication, distribution, etc | 2012 |
| 270 ## - ADDRESS | |
| Address | C-30, Satyawati Nagar, |
| City | Delhi |
| Postal code | 110 052 |
| Electronic mail address | kalpaz@hotmail.com |
| 300 ## - PHYSICAL DESCRIPTION | |
| Extent | 283p. |
| Dimensions | 22cm(Hb) |
| 500 ## - GENERAL NOTE | |
| General note | Includes index |
| 942 ## - ADDED ENTRY ELEMENTS (KOHA) | |
| Institution code [OBSOLETE] | dpl |
| Item type | English Books |
| Source of classification or shelving scheme | Dewey Decimal Classification |
| Classification part | 220.95 |
| Call number suffix | TOP |
| Withdrawn status | Lost status | Source of classification or shelving scheme | Damaged status | Not for loan | Collection code | Home library | Current library | Date acquired | Source of acquisition | Cost, normal purchase price | Total Checkouts | Full call number | Barcode | Date last seen | Copy number | Cost, replacement price | Koha item type |
|---|---|---|---|---|---|---|---|---|---|---|---|---|---|---|---|---|---|
| Dewey Decimal Classification | Non-fiction | D.B.Act.Division | D.B.Act.Division | 20/12/2012 | DBAD/PUB | 680.00 | 220.95 TOP | EN-90005 | 20/12/2012 | 1 | 680.00 | English Books |
